Ptáčata /

Mají zdravé miminko a právě vyhráli v nájemní loterii byt v New Yorku. Přesto jejich život víc než pohádku připomíná noční můru. Anna je po komplikovaném porodu ochrnutá a v bytě se dějí nevysvětlitelné věci, z kterých mrazí.

Hlavní autor: Cassidy, Nat, 1981-
Další autoři: Duha, Ondřej
Jazyk: Čeština
Vydáno: Praha : Dobrovský s.r.o., 2025
Edice: Fobos
Témata:
Fyzický popis: 372 stran ; 20 cm
Knihy
Uloženo v:
LEADER 02421nam a2200457 i 4500
001 nkc20253720473
003 CZ PrNK
005 20260226122738.0
007 ta
008 251114s2025 xr g 000 f cze
015 |a cnb003720473 
020 |a 978-80-277-4256-1  |q (brožováno) :  |c Kč 399,00 
035 |a (OCoLC)1578133895 
040 |a ABG001  |b cze  |d BOA001  |e rda 
041 1 |a cze  |h eng 
072 7 |a 821.111(73)-3  |x Americká próza  |2 Konspekt  |9 25 
080 |a 821.111(73)-31  |2 MRF 
080 |a (0:82-312.4)  |2 MRF 
100 1 |a Cassidy, Nat,  |d 1981-  |7 xx0338363  |4 aut 
240 1 0 |a Nestlings.  |l Česky 
245 1 0 |a Ptáčata /  |c Nat Cassidy ; přeložil Ondřej Duha 
264 1 |a Praha :  |b Dobrovský s.r.o.,  |c 2025 
300 |a 372 stran ;  |c 20 cm 
336 |a text  |b txt  |2 rdacontent 
337 |a bez média  |b n  |2 rdamedia 
338 |a svazek  |b nc  |2 rdacarrier 
490 1 |a Fobos 
500 |a Přeloženo z angličtiny 
520 2 |a Mají zdravé miminko a právě vyhráli v nájemní loterii byt v New Yorku. Přesto jejich život víc než pohádku připomíná noční můru. Anna je po komplikovaném porodu ochrnutá a v bytě se dějí nevysvětlitelné věci, z kterých mrazí.  |b Anna a Reid potřebují, aby se na ně konečně usmálo štěstí. Po děsivě komplikovaném porodu jejich prvního dítěte je Anna ochrnutá a zahořklá a musí se potýkat s omezeními života na vozíku, se svým vztahem k Reidovi a s odporem k jejich dítěti. To vše mají změnit slova, které by rád slyšel každý Newyorčan: loterie o dostupné bydlení. Vyhrají nájemní byt v Deptfordu, jedné z nejobdivovanějších budov v New Yorku s krásným výhledem na Central Park a nádhernou architekturou. Reid přehlíží znepokojující události a Anniny hluboké obavy a paranoiu jako cenu za život v New Yorku, ale nedokáže vysvětlit kousance podobné vpichům na těle miminka. Nakladatelská anotace. 
655 7 |a americké romány  |7 fd131796  |2 czenas 
655 7 |a horory (romány)  |7 fd184202  |2 czenas 
655 9 |a American fiction  |2 eczenas 
655 9 |a horror novels  |2 eczenas 
700 1 |a Duha, Ondřej  |7 jn20010309386  |4 trl 
830 0 |a Fobos  |0 s 
910 2 |a BOA001  |b 1-1556.362 
920 |a 5175279  |z ABG001 
990 |a BK 
995 |a 01 
991 |b 202602  |c NOV 
996 6 |b 2611023995  |c 1-1556.362  |l MZK  |r Sklad / do 1 hodiny  |n 0  |p p.v.  |w 002031724  |u 000010  |a 1  |e BOA001  |j MZK50  |s P